LEADER 00885nam a2200229 i 4500 001 000000005125 003 CaOOAMICUS 005 20220817084230.0 008 180830s1837 it u000 u ita u 040 $aSeMil$bita 100 1 $aByron, George Gordon,$d<1788-1824>.$0(OLS)http://semarc/name/89368 245 10$aPoemi di Giorgio Lord Byron /$crecati in italiano da Giuseppe Nicolini. 250 $aNuova ed. riveduta ed aumentata dal traduttore. 260 $aMilano :$bAngelo Bonfanti,$c1837. 300 $a2 v. ;$c18 cm. 500 $aRilegati insieme i 2 v. 700 1 $aNicolini, Giuseppe,$d<1788-1856>.$0(OLS)http://semarc/name/2969 774 0 $tVol. 1.$g1$w()212890 774 0 $tVol. 2.$g2$w()212892 996 $6245$aPoemi di Giorgio Lord Byron$9(OLS)http://semarc/title/7277 996 $6260$aMilano :$bAngelo Bonfanti$9(OLS)http://semarc/publisher/31426 LEADER 01292nam a2200301 i 4500 001 000000081912 003 CaOOAMICUS 005 20190125112343.0 008 180710s2012 it u000 u ita u 013 $a54152 020 $a978-88-498-3340-9 040 $aSeMil$bita 100 1 $aHayek, Friedrich A. : von,$d<1899-1992>.$0(OLS)http://semarc/name/33911 240 00$aLiberalism.$0(OLS)http://semarc/title/404817 245 10$aLiberalismo /$cFriedrich A. von Hayek ; prefazione di Lorenzo Infantino. 260 $aSoveria Mannelli :$bRubbettino,$c2012. 300 $a70 p. ;$c21 cm. 490 0 $aBiblioteca Austriaca. Nuova serie, Documenti ;$v6 650 4$aLiberalismo.$0(OLS)http://semarc/subject/6380 700 1 $aInfantino, Lorenzo.$0(OLS)http://semarc/name/576 830 0$aBiblioteca austriaca. Nuova serie. Documenti ;$v6.$0(OLS)http://semarc/title/404818 850 $aSeMil 852 $aSeMil$W1$xVenegono$y1$m3N II 714$j211491$B224962$CSeMilBibl$Z2$F224962 $81 961 $aPerego don Stefano - Omaggio 996 $6020$a978-88-498-3340-9$9(OLS)http://semarc/number/271253 996 $6245$aLiberalismo$9(OLS)http://semarc/title/404816 996 $6260$aSoveria Mannelli :$bRubbettino$9(OLS)http://semarc/publisher/32145